00381nam a2200157Ia 45000010006000000050017000060080041000230410008000640820017000721000042000892450039001312600009001703000028001796500008002076540008002151906220260306171716.0260306s9999||||xx |||||||||||||| ||und|| aESP a658.803bE56 aFerré Trenzano, José MaríaeAUT 0aEnciclopedia de marketing y ventas c2004 a879 páginas :c26 cm. aGEN aCAN